| 000 | 00347nam a2200121Ia 4500 | ||
|---|---|---|---|
| 008 | 210430s9999 xx 000 0 und d | ||
| 082 | _a660.2815 S615 P | ||
| 100 |
_aS.K.Singh _954342 |
||
| 245 |
_aProcess Control Concepts Dynamics and Applications _cS.K.Singh |
||
| 260 |
_aNew Delhi _bAsoke K. Ghosh _c2009 |
||
| 300 | _a723 p | ||
| 942 |
_cBK _2ddc |
||
| 999 |
_c564901 _d564901 |
||